| 000 | 00444nam a22001577a 4500 | ||
|---|---|---|---|
| 999 |
_c8485 _d8485 |
||
| 008 | 201125b ||||| |||| 00| 0 eng d | ||
| 040 | _aBMS College of Architecture | ||
| 100 | _aRenukamurthy, Sneha | ||
| 245 | _aCancer hospic | ||
| 300 | _aNA | ||
| 500 | _a1BM14AT101 | ||
| 502 |
_8B,Arch _NBMS College of Architecture, Visvesvaraya Technological University (VTU) _aProject report _d2018 |
||
| 650 | _aNA | ||
| 700 | _aNa | ||
| 942 |
_2ddc _cTHE |
||